| 000 | 00599nam a22002177a 4500 | ||
|---|---|---|---|
| 005 | 20180524142544.0 | ||
| 008 | 180524b xxu||||| |||| 00| 0 eng d | ||
| 020 |
_a9780745689869 _c₹ 1664.17 |
||
| 040 | _aLoreto College | ||
| 041 | _aEnglish | ||
| 082 |
_a327.51 _bOGD |
||
| 100 | _aOgden, Chris | ||
| 245 |
_aChina and India _bAsia's emergent great powers _cChris Ogden |
||
| 260 |
_aCambridge _bPolity Press _c2017 |
||
| 300 |
_a213 p. _b24 cm. |
||
| 504 | _aIncludes Index | ||
| 650 |
_aMilitary-Policy _vChaina _zIndia |
||
| 650 | _aDinomatic relations | ||
| 850 | _aLCLIB | ||
| 942 | _cBK | ||
| 999 |
_c41579 _d92058 |
||